000 00455cam a22001457a 4500
008 180718b1980 xxu||||| |||| 00| 0 eng d
082 _aAPPPA 79-80 MAT
100 _aMathur, A.C.
245 _aTax incentives and Rural development by industrial houses
_cby A.C. Mathur
260 _aNew Delhi
_bIndian Institute of Public Administration
_c1980
300 _a93p.
650 _aIndustrial houses
650 _aRural development
650 _aTax incentives
999 _c501195
_d501195